书目信息 |
| 题名: |
畅通英语高级教程
|
|
| 作者: | 米切尔 , 斯科特 编著 | |
| 分册: | ||
| 出版信息: | 北京 高等教育出版社 2014 |
|
| 页数: | 129页 | |
| 开本: | 29cm | |
| 丛书名: | ||
| 单 册: | ||
| 中图分类: | H319.39 | |
| 科图分类: | ||
| 主题词: | 英语--Ying Yu--高等教育--教材 | |
| 电子资源: | ||
| ISBN: | 978-7-04-039430-6 | |
| 000 | 01259nam0 22003011 450 | |
| 001 | 0121113150 | |
| 005 | 20161122104609.25 | |
| 010 | @a978-7-04-039430-6@dCNY35.00 | |
| 100 | @a20150323d2014 em y0chiy50 ea | |
| 101 | 0 | @achi@aeng |
| 102 | @aCN@b110000 | |
| 105 | @aa z 000yy | |
| 106 | @ar | |
| 200 | 1 | @a畅通英语高级教程@AChang Tong Ying Yu Gao Ji Jiao Cheng@dChannel your English upper-intermediate student's book@fH. Q. Mitchell,J. Scott[编著]@f《畅通英语》改编组[改编]@zeng |
| 205 | @a3版 | |
| 210 | @a北京@c高等教育出版社@d2014 | |
| 215 | @a129页@c彩图@d29cm@e附光盘1片 | |
| 300 | @a普通高等教育“十一五”国家级规划教材 | |
| 305 | @a由MM Publications出版机构授权出版 | |
| 307 | @a附光盘:ISBN 978-7-88776-660-1 ISRC CN-M02-14-00151 | |
| 330 | @a本书以真实的交际性语言活动为基础,按照语言表达的难易程度分级编写,从初级到高中级的英语学习全过程都有效地整合了听、说、读、译5种语言技能训练。 | |
| 510 | 1 | @aChannel your English upper-intermediate student's book@zeng |
| 606 | 0 | @a英语@AYing Yu@x高等教育@j教材 |
| 690 | @aH319.39@v5 | |
| 701 | 0 | @c(英)@a米切尔@AMi Qie Er@c(Mitchell, H. Q.)@4编著 |
| 701 | 0 | @c(英)@a斯科特@ASi Ke Te@c(Scott, J.)@4编著 |
| 801 | 0 | @aCN@bTANGWEI@c20161118 |
| 905 | @b0899420-4@dH319.39@e163=3@f5 | |
| 畅通英语高级教程=Channel your English upper-intermediate student's book/H. Q. Mitchell,J. Scott[编著]/《畅通英语》改编组[改编].-3版.-北京:高等教育出版社,2014 |
| 129页:彩图;29cm+附光盘1片 |
| 普通高等教育“十一五”国家级规划教材 |
| ISBN 978-7-04-039430-6:CNY35.00 |
| 本书以真实的交际性语言活动为基础,按照语言表达的难易程度分级编写,从初级到高中级的英语学习全过程都有效地整合了听、说、读、译5种语言技能训练。 |
| ● |
| 相关链接 |
|
|
|
|
正题名:畅通英语高级教程
索取号:H319.39/163=3
 
预约/预借
| 序号 | 登录号 | 条形码 | 馆藏地/架位号 | 状态 | 备注 |
| 1 | 0899420 | 208994203 | 第二样本阅览室/ [索取号:H319.39/163=3] | 在馆 | |
| 2 | 0899421 | 208994212 | 第四借阅区/ [索取号:H319.39/163=3] | 在馆 | |
| 3 | 0899422 | 208994221 | 第四借阅区/ [索取号:H319.39/163=3] | 在馆 | |
| 4 | 0899423 | 208994230 | 第四借阅区/ [索取号:H319.39/163=3] | 在馆 | |
| 5 | 0899424 | 208994249 | 第四借阅区/ [索取号:H319.39/163=3] | 在馆 |